Έλεγχος και λογοδοσία των αρχών στην αθηναϊκή δημοκρατία
Αποθηκεύτηκε σε:
| Κύριος συγγραφέας: | |
|---|---|
| Μορφή: | Βιβλίο |
| Γλώσσα: | Greek |
| Δημοσίευση: |
Αθήνα - Κομοτηνή :
Σάκκουλας, Α.,
2004
|
| Θέματα: | |
| Ετικέτες: |
Προσθήκη ετικέτας
Δεν υπάρχουν, Καταχωρήστε ετικέτα πρώτοι!
|
MARC
| LEADER | 00000nam a2200000 i 4500 | ||
|---|---|---|---|
| 001 | 1/46317 | ||
| 008 | 070615s2004 gre d | ||
| 020 | |a 960-15-0991-7 | ||
| 035 | |l 10088344 | ||
| 040 | |a GR-MY-UA |b gre |e aacr | ||
| 041 | 0 | |a gre | |
| 082 | 0 | |a 321.809385 |2 (22) | |
| 100 | 1 | |a Αδάμ-Μαγνήσαλη, Σοφία. | |
| 245 | 1 | 0 | |a Έλεγχος και λογοδοσία των αρχών στην αθηναϊκή δημοκρατία / |c Σοφία Αδάμ - Μαγνήσαλη |
| 260 | |a Αθήνα - Κομοτηνή : |b Σάκκουλας, Α., |c 2004 | ||
| 300 | |a 185 σ.; |c 24 εκ. | ||
| 650 | 0 | 0 | |a Democracy |x History. |
| 650 | 0 | 0 | |a Democracy |z Greece |z Athens. |
| 651 | 0 | |a Athens (Greece) |x Officials and employees. | |
| 651 | 0 | |a Athens (Greece) |x Politics and government |y To 146 B.C. | |
| 852 | |a INST |b LESVOS |e 20070615 |h 321.809385 ΑΔΑ |p 005100038230 |q 005100038230 |t BK |y 0 | ||
| 901 | |a BIBL1-2007-2 | ||
| 909 | |a Λ |b 135097 | ||
| 922 | |a 1ΕΛΗ |b 200705 |c ΕΠΕΑΕΚ2/ΤΚΑ |d Σ. ΠΑΤΑΚΗΣ | ||
| 970 | |a ΒΑΡΚΑ |b ΕΛΕΥΘΕΡΙΑ |z 2007/06/15 | ||